| 000 | 00567nam a22002177a 4500 | ||
|---|---|---|---|
| 003 | OSt | ||
| 005 | 20140402080556.0 | ||
| 008 | 130927t xxu||||| |||| 00| 0 eng d | ||
| 020 | _a0590397710 | ||
| 050 |
_aAG 195 _b.C777 1997 |
||
| 100 | _aCooper, John | ||
| 245 |
_a1000 questions and answers / _cJohn Cooper. |
||
| 260 |
_aNew York : _bScholastic, _cc1997. |
||
| 300 |
_a192 p. _bcol. ill. ; _c28 cm. |
||
| 521 | _aG7 | ||
| 526 | _c890 | ||
| 650 | _aQuestions and answers. | ||
| 650 | _aCuriosities and wonders. | ||
| 942 |
_2lcc _cBK |
||
| 999 |
_c47548 _d47548 |
||